Brentford: The Premier League Years - Statistics

General Stats
  • This quiz has been taken 159 times
    38 since last reset
  • The average score is 9 of 14
Answer Stats
Answer % Correct
Thomas Frank
93%
Yoane Wissa
93%
Ivan Toney
90%
Bryan Mbeumo
87%
Christian Nørgaard
80%
Ethan Pinnock
67%
Mikkel Damsgaard
60%
Vitaly Janelt
60%
David Raya
57%
Kevin Schade
57%
Nathan Collins
53%
Ben Mee
47%
Pontus Jansson
43%
Keane Lewis-Potter
37%
No matching quizzes found
Score Distribution
Percent of People with Each Score
Percentile by Number Answered
Your Score History
You have not taken this quiz since the last reset